La crisis del catolicismo
Saved in:
| Main Author: | |
|---|---|
| Format: | Book |
| Language: | Spanish |
| Published: |
Madrid
Alianza
1969
|
| Edition: | 1a. ed |
| Series: | Humanidades
|
| Subjects: | |
| Tags: |
Add Tag
No Tags, Be the first to tag this record!
|
MARC
| LEADER | 00000cam a2200000 a 4500 | ||
|---|---|---|---|
| 001 | UCE0930 | ||
| 003 | CL-VaPUC | ||
| 008 | 140317e19690000sp |||||||||||||||||spa|d | ||
| 082 | 0 | 4 | |a 262.72 |b ARA |2 21 |
| 100 | |a Aranguren, José Luis |e author |9 576609 | ||
| 245 | 1 | 3 | |a La crisis del catolicismo |
| 250 | |a 1a. ed | ||
| 300 | |a 202 p | ||
| 942 | |c BK | ||
| 945 | |d 20140317 10:17:00 |a dcastane | ||
| 260 | |a Madrid |b Alianza |c 1969 | ||
| 650 | 0 | |a Catolicismo |9 258690 | |
| 650 | 0 | |a Iglesia Católica |9 256114 | |
| 583 | |a last modification |c 20140317 10:17:00 |k Rodrigo Vera | ||
| 490 | 0 | |a Humanidades | |
| 999 | |c 354931 |d 354929 | ||
| 952 | |0 0 |1 0 |3 erb |4 0 |6 262_720000000000000_ARA_1969 |7 0 |8 A |9 461162 |a BIBTEO |b BIBTEO |i 5050421 |o 262.72 ARA 1969 |p 5050421 |r 2025-01-17 |w 2019-11-23 |y BK |z Catalogado en:20140317 |k ICR | ||